000 00304nam a22001337a 4500
008 180226b xxu||||| |||| 00| 0 eng d
020 _a0443086850
041 _aeng
080 _a610
100 _a4
101 _aSHM
245 _aClinical Practice of Regional Anesthesia
_cRaj, P.P
942 _2udc
_cBK
999 _c43490
_d43490